书目信息 |
| 题名: |
中东战争
|
|
| 作者: | ;伦敦《星期日泰晤士报》调研组 著 ;上海《国际问题资料》编辑组 编译 | |
| 分册: | 下册 | |
| 出版信息: | 上海 上海译文出版社 1980.03 |
|
| 页数: | 379页 | |
| 开本: | 19cm | |
| 丛书名: | ||
| 单 册: | ||
| 中图分类: | E19 | |
| 科图分类: | ||
| 主题词: | 军事史--世界 | |
| 电子资源: | ||
| ISBN: | ||
| 000 | 00820nam0 2200253 45 | |
| 001 | 0179003833 | |
| 005 | 20041118153935.4 | |
| 010 | @dCNY1.00 | |
| 091 | @a5188.9 | |
| 100 | @a19950725d1980 em y0chiy0121 ea | |
| 101 | 0 | @achi |
| 102 | @aCN@b310000 | |
| 105 | @ay z 000yy | |
| 106 | @ar | |
| 200 | 10 | @a中东战争@Azhong dong zhan zheng@h下册@f(英)伦敦《星期日泰晤士报》调研组著@F(Ying)Lun Dun《Xing Qi Ri Tai Wu Shi Bao》Diao Yan Zu Zhu@g上海《国际问题资料》编辑组等编译 |
| 210 | @a上海@c上海译文出版社@d1980.03 | |
| 215 | @a379页@d19cm | |
| 300 | @a内部发行 | |
| 606 | 0 | @a军事史@x世界 |
| 690 | @aE19@v3 | |
| 711 | 02 | @a伦敦《星期日泰晤士报》调研组@4著 |
| 712 | 02 | @a上海《国际问题资料》编辑组@AShang Hai《Guo Ji Wen Ti Zi Liao》Bian Ji Zu@4编译 |
| 801 | 0 | @aCN@bNLC@c20040330 |
| 905 | @dE19@e1:2@f1@b32513 | |
| 中东战争.下册/(英)伦敦《星期日泰晤士报》调研组著/上海《国际问题资料》编辑组等编译.-上海:上海译文出版社,1980.03 |
| 379页;19cm |
| 内部发行 |
| ISBN :CNY1.00 |
| ● |
| 相关链接 |
|
|
|
|
正题名:中东战争
索取号:E19/1:2
 
预约/预借
| 序号 | 登录号 | 条形码 | 馆藏地/架位号 | 状态 | 备注 |
| 1 | 0032512 | 001919268 | 密集书库/ [索取号:E19/1:2] | 在馆 | |
| 2 | 0032513 | 001259907 | 第一样本阅览室/ [索取号:E19/1:2] | 在馆 |